000 00297nam a22001337a 4500
008 170719b xxu||||| |||| 00| 0 eng d
020 _a9780310275466
041 _aeng
080 _a2
100 _a24
101 _aTEO
245 _aTHE GOD I DONT UNDERSTAND
_cWRIGHT, CH.J.H
942 _2udc
_cBK
999 _c21561
_d21561